Mixed-effects models in S and S-PLUS /
Guardado en:
| Autor Principal: | |
|---|---|
| Otros Autores: | |
| Formato: | Libro |
| Idioma: | English |
| Publicado: |
New York :
Springer,
c2000.
|
| Series: | Statistics and computing
|
| Acceso en línea: | Libro electrónico (SpringerLink) Publisher description Table of contents only |
| Etiquetas: |
Agregar Etiqueta
Sin Etiquetas, Sea el primero en etiquetar este registro!
|
| LEADER | 01121cam a22002655a 4500 | ||
|---|---|---|---|
| 001 | MAT.inmabb006494 | ||
| 008 | 991015s2000####nyua#####b####001#0#eng## | ||
| 005 | 20110616123307.0 | ||
| 245 | 1 | 0 | |a Mixed-effects models in S and S-PLUS / |c José C. Pinheiro, Douglas M. Bates. |
| 260 | |a New York : |b Springer, |c c2000. | ||
| 300 | |a xvi, 528 p. : |b il. ; |c 25 cm. | ||
| 440 | 0 | |a Statistics and computing | |
| 504 | |a Incluye referencias bibliográficas (p. [415]-421) e índice. | ||
| 530 | |a Versión electrónica disponible vía SpringerLink. |u http://dx.doi.org/10.1007/978-1-4419-0318-1 | ||
| 020 | |a 0387989579 | ||
| 020 | |a 9781441903174 (pbk.) | ||
| 100 | 1 | |a Pinheiro, José C. | |
| 700 | 1 | |a Bates, Douglas M. | |
| 084 | |a 62 |2 msc2000 | ||
| 010 | |a 99053566 | ||
| 040 | |a DLC |c DLC |d DLC | ||
| 856 | |u http://dx.doi.org/10.1007/978-1-4419-0318-1 |y Libro electrónico (SpringerLink) | ||
| 856 | 4 | 2 | |3 Publisher description |u http://www.loc.gov/catdir/enhancements/fy0816/99053566-d.html |
| 856 | 4 | 1 | |3 Table of contents only |u http://www.loc.gov/catdir/enhancements/fy0816/99053566-t.html |
| 859 | |h 62 |i P654 |p A-8697 |b BIB. MATEMATICA | ||
